[Event "Werfen op"]
[Site "Werfen"]
[Date "1990.??.??"]
[Round "1"]
[White "Paehtz, Thomas Sr"]
[Black "Porubszki, Georg"]
[Result "1-0"]
[WhiteElo "2430"]
[BlackElo "2225"]

1.d4 Nf6 2.c4 g6 3.g3 Bg7 4.Bg2 d6 5.Nf3 O-O 6.Nc3 c6 7.O-O Bg4 8.h3 Bxf3
9.Bxf3 e5 10.e3 Qe7 11.b3 Re8 12.Ba3 e4 13.Bg2 a5 14.Bb2 Na6 15.a3 Nc7 16.Qe2 h5
17.Rac1 b6 18.Rce1 d5 19.f3 Qd6 20.fxe4 dxe4 21.Rf4 Bh6 22.Rxf6 Qxf6 23.Nxe4 Rxe4
24.Bxe4 Re8 25.Qg2 Qd6 26.Kf1 Qf6+ 27.Qf3 Qxf3+ 28.Bxf3 Re6 29.e4 Bg7 30.e5 c5
31.d5 Re8 32.g4 h4 33.g5 Kf8 34.Bg4 Rd8 35.Kf2 b5 36.d6 Ne6 37.Bxe6 fxe6
38.cxb5 Ke8 39.Re4  1-0

[Event "Werfen"]
[Site "Werfen"]
[Date "1990.??.??"]
[Round "6"]
[White "Kiss, Attila"]
[Black "Zimmermann, Heinz"]
[Result "1/2-1/2"]
[WhiteElo "2355"]
[BlackElo "2300"]

1.d4 Nf6 2.c4 g6 3.Nf3 Bg7 4.g3 O-O 5.Bg2 d6 6.O-O Nbd7 7.Nc3 c6 8.h3 e5
9.e4 Qa5 10.Re1 Re8 11.d5 cxd5 12.cxd5 b5 13.Bf1 b4 14.Na4 Ba6 15.Bxa6 Qxa6
16.Nd2 Bh6 17.a3 Rab8 18.b3 Rec8 19.Nc4 Rxc4 20.bxc4 Bxc1 21.Rxc1 b3 22.Nb2 Qxa3
23.Qd2 Nc5 24.f3 Na4 25.Nxa4 Qxa4 26.c5 dxc5 27.Rxc5 b2 28.Rb1 Qa2 29.Qc2 Kg7
30.Kg2 a5 31.Rc4 Rb3 32.f4 Qa3 33.Qf2 Qa2 34.fxe5 Nh5 35.Rc7 Rxg3+ 36.Kh2 Qxb1
37.Qxf7+ Kh6 38.Qf8+ Kg5 39.Qd8+ Kh6 40.Qf8+ Kg5 41.Qd8+ Kh6 42.Qf8+ Kg5
43.Qd8+  1/2-1/2

[Event "Werfen"]
[Site "Werfen"]
[Date "1990.??.??"]
[Round "8"]
[White "Gyorkos, Lajos"]
[Black "Zimmermann, Heinz"]
[Result "1-0"]
[WhiteElo "2310"]
[BlackElo "2300"]

1.d4 Nf6 2.c4 g6 3.Nf3 Bg7 4.g3 O-O 5.Bg2 d6 6.O-O c5 7.Nc3 Nc6 8.d5 Na5
9.Nd2 a6 10.Qc2 Rb8 11.b3 b5 12.Bb2 e6 13.dxe6 fxe6 14.cxb5 axb5 15.Rfd1 d5
16.Nde4 Qe7 17.Nxf6+ Bxf6 18.a3 Bd7 19.Bxd5 b4 20.axb4 cxb4 21.Rxa5 bxc3
22.Ba3 Qd8 23.Bc4 Qxa5 24.Bxf8 Rxf8 25.Rxd7 Qa1+ 26.Kg2 Qa8+ 27.f3 Qc6 28.Rd3 Qb6
29.Rd7 Qe3 30.Qd3 Qxd3 31.Bxd3 Re8 32.Bc2 Ra8 33.b4 Ra2 34.Bd3 Rb2 35.b5 Kf8
36.f4 h6 37.Rc7 g5 38.fxg5 hxg5 39.Kf3 Ke8 40.Kg4 Kd8 41.Rc6  1-0

[Event "Yaroslavl"]
[Site "Yaroslavl"]
[Date "1990.??.??"]
[Round "?"]
[White "Yuferov, Sergey  N"]
[Black "Bode, Ulf"]
[Result "1-0"]
[WhiteElo "2400"]
[BlackElo "2250"]

1.Nf3 Nf6 2.c4 g6 3.d4 Bg7 4.g3 O-O 5.Bg2 d6 6.O-O Nbd7 7.Nc3 e5 8.e4 Re8
9.h3 exd4 10.Nxd4 Nc5 11.Re1 a5 12.Ndb5 a4 13.Rb1 Nfd7 14.Be3 Ne5 15.Bxc5 dxc5
16.Qxd8 Rxd8 17.Nxc7 Ra5 18.Red1 Rf8 19.Bf1 a3 20.N7d5 axb2 21.Rxb2 Be6 22.Rxb7 Nxc4
23.Bxc4 Bxc3 24.Nxc3 Bxc4 25.a4 Kg7 26.Rd6 Re8 27.f4 h5 28.Kf2 Re6 29.Rxe6 Bxe6
30.h4 Bc4 31.e5 Kf8 32.Ke3 Ke8 33.Ke4 Kd8 34.f5 gxf5+ 35.Kxf5 Ra6 36.Rb8+ Ke7
37.Kf4 Rg6 38.Ne4 Rg4+ 39.Ke3 Bd5 40.Nf6 Rxg3+ 41.Kf2 Rf3+ 42.Ke2 Bc6 43.Rc8 Ra3
44.Rxc6 Rxa4 45.Ke3 Rxh4 46.Nd5+ Kd7 47.Rd6+ Ke8 48.Nf4 Rh1 49.Kf3 h4 50.Rc6 Rc1
51.Kg4 c4 52.Kxh4 Rh1+ 53.Kg5 Rc1 54.Nh5 Kd7 55.Rd6+ Ke7 56.Ng3 Rg1 57.Kf4 Ke8
58.Ne4 Ke7 59.Ke3 Rc1 60.Kd4 Re1 61.Rc6  1-0

[Event "Zuerich op"]
[Site "Zuerich"]
[Date "1990.??.??"]
[Round "?"]
[White "Castagna, Renzo"]
[Black "Habibi, Ali"]
[Result "1-0"]
[WhiteElo "2265"]
[BlackElo "2255"]

1.d4 Nf6 2.c4 g6 3.Nf3 Bg7 4.g3 O-O 5.Bg2 d6 6.O-O c6 7.Nc3 Qa5 8.h3 a6 9.Bd2 Qc7
10.e4 Nbd7 11.Rc1 e5 12.Be3 Re8 13.Qc2 Nf8 14.Rfd1 Ne6 15.d5 Nd8 16.b4 a5
17.a3 Bf8 18.c5 axb4 19.axb4 Nd7 20.cxd6 Qxd6 21.dxc6 Qxc6 22.Qb2 Ne6 23.Nd5 Qd6
24.Nb6  1-0

[Event "EU-ch U20"]
[Site "Aalborg"]
[Date "1991.??.??"]
[Round "?"]
[White "Delchev, Aleksander"]
[Black "Topalov, Veselin"]
[Result "1/2-1/2"]
[WhiteElo "2360"]
[BlackElo "2455"]

1.d4 Nf6 2.Nf3 d6 3.c4 g6 4.g3 Bg7 5.Bg2 O-O 6.O-O Nbd7 7.Qc2 e5 8.Rd1 Re8
9.dxe5 dxe5 10.e4 c6 11.h3 Qc7 12.c5 Bf8 13.Be3 b6 14.b4 bxc5 15.bxc5 Qa5
16.Rc1 Ba6 17.Nbd2 Rab8 18.Nb3 Qc7 19.Nfd2 Rb4 20.Bf1 Bxf1 21.Kxf1 Reb8 22.Kg2 Ne8
23.Nc4 R4b5 24.Rab1 Ng7 25.Nb2 Ne6 26.Nd3 Be7 27.Rf1 Qd8 28.Rfd1 Qf8 29.a4 R5b7
30.Na5 Rxb1 31.Rxb1 Rxb1 32.Qxb1 Bxc5 33.Nxc5 Nexc5 34.Qb4 Ne6 35.Qb7 Ndc5
36.Qxc6 Nd3 37.Nb3 Qb4 38.Bh6 Qb8 39.Nd2 Nd4 40.Qa6 Nc5 41.Qf6 Nde6 42.Nf3 Nxe4
43.Qe7 N4c5 44.Nxe5 Qb7+ 45.Qxb7 Nxb7 46.Nc6 f5 47.Kf3 a5 48.Be3 Kf7 49.g4 Kf6
50.Bb6 Nbc5 51.Bxa5 Nxa4 52.Bb4  1/2-1/2

[Event "EU-ch U20"]
[Site "Aalborg"]
[Date "1991.??.??"]
[Round "?"]
[White "Delchev, Aleksander"]
[Black "Dannevig, Oystein"]
[Result "1-0"]
[WhiteElo "2360"]
[BlackElo "2270"]

1.d4 Nf6 2.c4 g6 3.Nf3 Bg7 4.g3 O-O 5.Bg2 d6 6.O-O Nbd7 7.Qc2 e5 8.Rd1 Re8
9.dxe5 dxe5 10.e4 c6 11.h3 Bf8 12.Be3 Qe7 13.Nc3 b6 14.a3 a5 15.Rab1 Ba6
16.Bf1 Rec8 17.b4 b5 18.c5 Rc7 19.Rd2 Rca7 20.Rbd1 axb4 21.axb4 Bc8 22.Rd6 Ra6
23.Bg5 R8a7 24.Qc1 Bg7 25.h4 Nf8 26.Bxb5 Ra1 27.Qxa1 Rxa1 28.Rxa1 cxb5 29.Bxf6 Qb7
30.Nd5 Ne6 31.c6 Qb8 32.c7  1-0

[Event "Aarhus op"]
[Site "Aarhus"]
[Date "1991.??.??"]
[Round "7"]
[White "Guindy, Esmat"]
[Black "Antonsen, Mikkel"]
[Result "0-1"]
[WhiteElo "2005"]
[BlackElo "2250"]

1.d4 Nf6 2.c4 g6 3.g3 Bg7 4.Bg2 O-O 5.Nf3 d6 6.Nc3 c6 7.O-O Qa5 8.h3 e5 9.e4 Nbd7
10.Re1 exd4 11.Nxd4 Ne5 12.Bf1 Re8 13.f4 Qc5 14.fxe5 dxe5 15.Be3 exd4 16.Bxd4 Qg5
17.Qf3 Nd7 18.Bxg7 Kxg7 19.Rad1 Ne5 20.Qe3 Qxe3+ 21.Rxe3 Be6 22.b3 Rad8 23.Kf2 Rxd1
24.Nxd1 Rd8 25.Ke2 Nxc4 26.Rd3 Rxd3 27.Kxd3 Ne5+ 28.Kd4 Kf6 29.g4 Nd7 30.Ke3 Kg5
31.Kf3 h5 32.gxh5 Kxh5 33.Kg3 Nc5 34.Nf2 a5 35.Be2+ Kh6 36.Kf4 f6 37.h4 b5
38.Ke3 a4 39.b4 Na6  0-1

[Event "Altensteig"]
[Site "Altensteig"]
[Date "1991.??.??"]
[Round "3"]
[White "Smejkal, Jan"]
[Black "Stangl, Markus"]
[Result "1/2-1/2"]
[WhiteElo "2555"]
[BlackElo "2490"]

1.Nf3 Nf6 2.c4 g6 3.d4 Bg7 4.g3 O-O 5.Bg2 d6 6.O-O Nc6 7.d5 Na5 8.Nbd2 c5
9.Ne1 b5 10.cxb5 Bd7 11.Nc2 Bxb5 12.Rb1 Rc8 13.Re1 Qd7 14.Na3 Ba6 15.Ne4 Nxe4
16.Bxe4 e6 17.Bf4 e5 18.Bd2 f5 19.Bg2 Nc4 20.Nxc4 Bxc4 21.b3 Ba6 22.Qc2 Qf7
23.Bc3 e4 24.Bxg7 Qxg7 25.Rbd1 Rfe8 26.Qd2 Rb8 27.e3 Re5 28.Bf1 Bxf1 29.Rxf1 Rb4
30.Rb1 Qb7 31.Rfd1 Re8 32.Rbc1 a5 33.Kg2 Ra8 34.Qc3 Qg7 35.Qd2 Qe5 36.Rc4 Rab8
37.Qe2 R8b6 38.h4 Kg7 39.Rd2 Kf6 40.Rd1 h6 41.Rd2 Ke7 42.Rd1 Rxc4 43.Qxc4 Qb2
44.Qa4 Qe2 45.Qxa5 Qf3+ 46.Kh2 Qxf2+ 47.Kh3 Rb7 48.Qc3 Kf7 49.Qh8 Qe2 50.Qh7+ Kf6
51.Qh8+ Rg7 52.Qf8+ Rf7 53.Qxd6+ Kg7 54.Rc1 g5 55.Qe5+ Kh7 56.hxg5 hxg5 57.Qe6 Kg7
58.Qe5+ Kg6 59.Qe6+ Kg7 60.Qe5+ Kh7 61.Qe6 Qg4+ 62.Kg2 Qf3+ 63.Kh3 Rg7 64.d6 Qh5+
65.Kg2 Qf3+ 66.Kh3 Qh5+  1/2-1/2

[Event "Anapa"]
[Site "Anapa"]
[Date "1991.??.??"]
[Round "?"]
[White "Doroshkievich, Vladimir K"]
[Black "Rechel, Bernd"]
[Result "1-0"]
[WhiteElo "2350"]
[BlackElo "2370"]

1.d4 Nf6 2.c4 g6 3.g3 Bg7 4.Bg2 O-O 5.Nf3 d6 6.O-O Nbd7 7.Qc2 e5 8.Rd1 Re8
9.Nc3 e4 10.Nd2 e3 11.fxe3 Nf8 12.Nf1 Ne6 13.e4 Ng4 14.e3 Nf6 15.e5 dxe5
16.d5 Ng5 17.e4 Nh3+ 18.Kh1 Qe7 19.Ne3 Rd8 20.Nf5 gxf5 21.Bxh3 Qb4 22.Bg5 Qxc4
23.Rf1 c6 24.Bxf5 cxd5 25.exd5 Rd6 26.Bd3 Qg4 27.Bxf6 Rxf6 28.Bxh7+ Kh8 29.Rxf6 Bxf6
30.Rf1 Bg7 31.Rxf7 e4 32.Bxe4  1-0

[Event "JUG-Cup qual"]
[Site "Arandjelovac"]
[Date "1991.??.??"]
[Round "3"]
[White "Pavlovic, Dragoljub"]
[Black "Sorgic, Dragan"]
[Result "1/2-1/2"]
[WhiteElo "2355"]
[BlackElo "2285"]

1.d4 Nf6 2.Nf3 g6 3.c4 Bg7 4.g3 d6 5.Bg2 O-O 6.O-O Nbd7 7.Nc3 e5 8.e4 exd4
9.Nxd4 Nc5 10.Re1 Ng4 11.f4 c6 12.h3 Qb6 13.hxg4 Ne6 14.Be3 Bxd4 15.Bxd4 Qxd4+
16.Qxd4 Nxd4 17.Rad1 c5 18.g5 Be6 19.b3 Rab8 20.Kf2 Rfd8 21.e5 b6 22.exd6 Rxd6
23.Ne4 Rdd8 24.Rh1 Kg7 25.Rh2 Rh8 26.Rdh1 Rbd8 27.Nf6 h5 28.Bd5 Bxd5 29.cxd5 Nf5
30.Kf3 b5 31.Rc1 Rc8 32.Rd2 Rhd8 33.Kf2 c4 34.bxc4 bxc4 35.Rdc2 Nd6 36.Rb1 Rb8
37.Rxb8 Rxb8 38.Kf3 Rc8 39.g4 hxg4+ 40.Kxg4 Nf5 41.Rh2 Rh8 42.Rxh8 Kxh8 43.Kf3 Kg7
44.Ke4 Kf8 45.a4 Ke7 46.Ng4 a6 47.Ne5 c3 48.Kd3 c2 49.Kxc2 Ne3+ 50.Kb3 Nxd5
51.Nd3 Kd6 52.Kc4 Nc7 53.Ne5 Ne6 54.Nxf7+ Kc7 55.f5 gxf5 56.g6 Kd7 57.Nh6 f4
58.a5 f3 59.Ng4 Kd6 60.Kd3 Nf4+ 61.Ke4 Nxg6 62.Kxf3 Kc5 63.Nf6 Ne5+ 64.Ke4 Nc6
65.Kd3 Kb5 66.Nd5 Kxa5 67.Nc7 Kb6  1/2-1/2

[Event "ARG-ch"]
[Site "?"]
[Date "1991.??.??"]
[Round "2"]
[White "Panno, Oscar"]
[Black "Llanos, Guillermo"]
[Result "1/2-1/2"]
[WhiteElo "2440"]
[BlackElo "2385"]

1.d4 Nf6 2.Nf3 g6 3.c4 Bg7 4.g3 O-O 5.Bg2 d6 6.O-O c5 7.dxc5 dxc5 8.Ne5 Nfd7
9.Nd3 Na6 10.Nc3 Nb6 11.Qb3 Be6 12.Bxb7 Bxc4 13.Qa3 Bxd3 14.Bxa6 Bxa6 15.Qxa6 Qc8
16.Qb5 Rb8 17.Rd1 Rb7  1/2-1/2

[Event "AUT-ch"]
[Site "?"]
[Date "1991.??.??"]
[Round "?"]
[White "Brestian, Egon"]
[Black "Wittmann, Walter"]
[Result "1/2-1/2"]
[WhiteElo "2475"]
[BlackElo "2370"]

1.d4 Nf6 2.c4 g6 3.Nf3 Bg7 4.g3 O-O 5.Bg2 d6 6.O-O Nc6 7.d5 Na5 8.Nbd2 c5
9.Qc2 a6 10.Rb1 b5 11.b3 Rb8 12.Bb2 Bd7 13.e4 bxc4 14.bxc4 Qc7 15.Bc3 Rfc8
16.Rfc1 Ne8 17.Bxg7 Nxg7 18.Qc3 f6 19.Bf1 Nb7 20.Rb3 Na5 21.Rbb1 Nb7 22.Rb3  1/2-1/2

[Event "AUT-ch"]
[Site "?"]
[Date "1991.??.??"]
[Round "?"]
[White "Brestian, Egon"]
[Black "Schlosser, Michael"]
[Result "1-0"]
[WhiteElo "2475"]
[BlackElo "2380"]

1.d4 Nf6 2.c4 g6 3.Nf3 Bg7 4.g3 O-O 5.Bg2 d6 6.O-O Nbd7 7.d5 Nb6 8.Nfd2 e5
9.Nc3 Ne8 10.e4 f5 11.b4 a5 12.bxa5 Rxa5 13.Nb3 Ra8 14.c5 Na4 15.Nxa4 Rxa4
16.Nd2 Ra6 17.Qc2 Bd7 18.exf5 Bxf5 19.Ne4 dxc5 20.Qxc5 Nd6 21.Nc3 Qf6 22.Be3 Rfa8
23.Rac1 Ra3 24.Qxc7 e4 25.Ne2 Qd8 26.Qxd8+ Rxd8 27.Nd4 Rxa2 28.Ne6 Bxe6 29.dxe6 Re8
30.Rfd1 Bf8 31.Bf4 Rxe6 32.Be3 Rf6 33.Bc5 Raxf2 34.Bxd6 Bxd6 35.Rxd6 Rxd6
36.Kxf2 Rd2+ 37.Kg1 e3 38.Re1 Rd3 39.Bf1 Rc3 40.Kg2 Kg7 41.Re2 b5 42.Kf3 Rc1
43.Bg2 b4 44.Kxe3 Rc3+ 45.Kd4 h5 46.Be4 h4 47.Re3 Rc1 48.Ke5 Rc5+ 49.Kf4 hxg3
50.hxg3 Kf6 51.Rd3 g5+ 52.Ke3 Ke5 53.g4 Rb5 54.Rb3 Rb8 55.Bf5 Kd5 56.Kd3 Kc5
57.Kc2 Re8 58.Rd3 Kc4 59.Rd2 Re3 60.Rd8 Re2+ 61.Kd1 Rg2 62.Rc8+ Kd4 63.Kc1 b3  1-0

[Event "URS-chT"]
[Site "Azov"]
[Date "1991.??.??"]
[Round "?"]
[White "Sideif Sade, Fikret I"]
[Black "Imanaliev, Taalaibek"]
[Result "1-0"]
[WhiteElo "2420"]
[BlackElo "2355"]

1.d4 Nf6 2.c4 g6 3.Nf3 Bg7 4.g3 O-O 5.Bg2 d6 6.O-O Nbd7 7.Qc2 e5 8.Rd1 Re8
9.dxe5 dxe5 10.e4 c6 11.h3 Qe7 12.Be3 Nc5 13.Nc3 Nfd7 14.b4 Ne6 15.Rab1 Qf8
16.c5 f5 17.Ne2 fxe4 18.Nd2 Nf6 19.Nxe4 Nxe4 20.Bxe4 Nc7 21.Kg2 Nd5 22.Rxd5 cxd5
23.Bxd5+ Kh8 24.Nc3 e4 25.Bxe4 Qf6 26.Nb5 Rxe4 27.Qxe4 Bf5 28.Qxb7 Re8 29.Nd6 Bxb1
30.Nxe8 Qe5 31.Nd6  1-0

[Event "URS Spartakiada (Women)"]
[Site "Azov"]
[Date "1991.??.??"]
[Round "1"]
[White "Piarnpuu, Leili"]
[Black "Ostry, Irina"]
[Result "1/2-1/2"]
[WhiteElo "2185"]
[BlackElo "2210"]

1.Nf3 g6 2.d4 Bg7 3.c4 d6 4.g3 Nf6 5.Bg2 O-O 6.O-O c6 7.Nc3 Bg4 8.Ne1 Qc8
9.Qb3 Na6 10.e4 e5 11.dxe5 dxe5 12.Nd3 Nd7 13.Qc2 Ndc5 14.Nxc5 Nxc5 15.Be3 Ne6
16.f4 exf4 17.gxf4 Qd8 18.h3 Bd4 19.Qf2 Bh5 20.f5 Bxe3 21.Qxe3 Qd4 22.Kf2 gxf5
23.exf5 Qxe3+ 24.Kxe3 Nc5 25.Kd4 Nd7 26.Ne4 f6 27.Nd6 Ne5 28.Kc3 b6 29.b4 Rad8
30.c5 Rd7 31.Be4 Rg7 32.Rg1 Rd8 33.Rxg7+ Kxg7 34.Rg1+ Kf8 35.a3 Rd7 36.Nc4 Nxc4
37.Kxc4 Bf7+ 38.Kc3 bxc5 39.bxc5 Rb7 40.Rb1 Rxb1 41.Bxb1 Ke7 42.Be4  1/2-1/2

[Event "URS Spartakiada (Women)"]
[Site "Azov"]
[Date "1991.??.??"]
[Round "6"]
[White "Alieva, Elvira"]
[Black "Ostry, Irina"]
[Result "1/2-1/2"]
[WhiteElo "2170"]
[BlackElo "2210"]

1.d4 g6 2.c4 Bg7 3.Nf3 d6 4.g3 Nf6 5.Bg2 O-O 6.O-O c6 7.Nc3 Bg4 8.h3 Bxf3
9.Bxf3 Qc8 10.Bg2 e5 11.e3 a5 12.b3 Na6 13.Bb2 Re8 14.a3 Qc7 15.Rc1 Qe7  1/2-1/2

[Event "Bad Lauterberg"]
[Site "Bad Lauterberg"]
[Date "1991.??.??"]
[Round "5"]
[White "Dautov, Rustem"]
[Black "Vogt, Lothar"]
[Result "1/2-1/2"]
[WhiteElo "2595"]
[BlackElo "2510"]

1.d4 Nf6 2.c4 g6 3.Nf3 Bg7 4.g3 O-O 5.Bg2 d6 6.Nc3 Nbd7 7.O-O e5 8.e4 exd4
9.Nxd4 Re8 10.Be3 Nb6 11.b3 c6 12.h3 a6 13.Rc1 Bd7 14.Qd2 c5 15.Nde2 Bc6
16.f3 Nc8 17.Rfd1 Qa5 18.Nf4 b5 19.Bf1 Nd7 20.Ncd5 Qxd2 21.Rxd2 Ra7 22.cxb5 axb5
23.b4 Bf8 24.h4 Kg7 25.Bh3 Ne5 26.Kf2 Nc4  1/2-1/2

[Event "GER-ch"]
[Site "Bad Neuenahr"]
[Date "1991.??.??"]
[Round "6"]
[White "Schuh, Hubert"]
[Black "Poldauf, Dirk"]
[Result "1/2-1/2"]
[WhiteElo "2375"]
[BlackElo "2355"]

1.d4 Nf6 2.c4 g6 3.g3 Bg7 4.Bg2 O-O 5.Nf3 d6 6.O-O Nbd7 7.Qc2 e5 8.Rd1 Re8
9.e4 c6 10.Nc3 exd4 11.Nxd4 a5 12.b3 Qe7 13.f3 Nc5 14.Be3 d5 15.cxd5 cxd5
16.Bg5 Ne6 17.Nxe6 Bxe6 18.Nxd5 Bxd5 19.exd5 Qd6 20.Rac1 Nxd5  1/2-1/2

[Event "GER-ch"]
[Site "Bad Neuenahr"]
[Date "1991.??.??"]
[Round "10"]
[White "Schuh, Hubert"]
[Black "Muse, Mladen"]
[Result "1/2-1/2"]
[WhiteElo "2375"]
[BlackElo "2460"]

1.d4 Nf6 2.c4 g6 3.g3 Bg7 4.Bg2 O-O 5.Nf3 d6 6.O-O c6 7.b3 Ne4 8.Bb2 f5 9.Nbd2 d5
10.Ne5 Be6 11.Ndf3 g5 12.Qc2 Qe8 13.Ne1 Qh5 14.f3 Nd6 15.N1d3 Na6 16.g4 fxg4
17.fxg4 Qh4 18.Rf3 Rxf3 19.Bxf3 Rf8 20.Rf1 Ne4 21.e3 Qh3 22.Qe2 Rf6 23.Ba3 Nd6  1/2-1/2

[Event "Bad Ragaz op"]
[Site "Bad Ragaz"]
[Date "1991.??.??"]
[Round "7"]
[White "Jurek, Josef"]
[Black "Weindl, Alfred"]
[Result "1-0"]
[WhiteElo "2320"]
[BlackElo "2360"]

1.d4 Nf6 2.c4 g6 3.Nf3 Bg7 4.g3 O-O 5.Bg2 d6 6.Nc3 Nbd7 7.O-O e5 8.e4 c6
9.h3 exd4 10.Nxd4 Re8 11.Be3 a5 12.Qc2 Nc5 13.Rad1 Qc7 14.b3 Nfd7 15.Rd2 Nb6
16.Rfd1 Bd7 17.Nde2 Bf8 18.Bf4 Nc8 19.g4 f6 20.Be3 Nb6 21.Bf4 Nc8 22.Nd4 Qb6
23.Rb1 a4 24.b4 Ne6 25.Be3 Qc7 26.Nxe6 Bxe6 27.c5 a3 28.Bf4 Qf7 29.cxd6 Nb6
30.b5 Nc4 31.bxc6 bxc6 32.Rd4 c5 33.Rdd1 Nb2 34.Rd5 Red8 35.Rxc5 Bxd6 36.Bxd6 Rxd6
37.e5 Rdd8 38.Ne4 Bxa2 39.Nxf6+ Qxf6 40.exf6 Bxb1 41.Qb3+ Kh8 42.Qf7  1-0

[Event "Wch Seniors"]
[Site "Bad Woerishofen"]
[Date "1991.??.??"]
[Round "11"]
[White "Krogius, Nikolai V"]
[Black "Ojanen, Kaarle Sakari"]
[Result "1-0"]
[WhiteElo "2515"]
[BlackElo "2350"]

1.d4 Nf6 2.c4 g6 3.Nf3 Bg7 4.g3 O-O 5.Bg2 d6 6.O-O Nbd7 7.Nc3 e5 8.h3 Re8
9.e4 exd4 10.Nxd4 c6 11.Be3 Nc5 12.Qc2 a5 13.Rad1 Qe7 14.Rfe1 Nfd7 15.f4 h5
16.Bf2 Bh6 17.Nf3 Nf8 18.Qd2 Bg7 19.Bd4 Be6 20.f5 Bc8 21.Bxg7 Kxg7 22.g4 hxg4
23.hxg4 f6 24.Qxd6 Qxd6 25.Rxd6 gxf5 26.gxf5 Nfd7 27.Kf2 Kf7 28.Rh1 Rg8 29.Bf1 Ke7
30.Rd2 Nf8 31.Ke3 Bd7 32.Kf4 Re8 33.Rh6 Rg7 34.Bh3 Bc8 35.e5 fxe5+ 36.Nxe5 Nh7
37.Rdd6 Nd7 38.Nxd7 Bxd7 39.Rxd7+  1-0

[Event "Baden-Baden op"]
[Site "Baden-Baden"]
[Date "1991.??.??"]
[Round "6"]
[White "Stern, Rene"]
[Black "Haub, Thorsten Michael"]
[Result "1-0"]
[WhiteElo "2360"]
[BlackElo "2310"]

1.d4 g6 2.c4 Bg7 3.Nf3 d6 4.g3 Nf6 5.Bg2 O-O 6.O-O c6 7.Nc3 Nbd7 8.e4 Qc7
9.h3 e5 10.Be3 Re8 11.Qc2 b6 12.Rac1 Bb7 13.Rfe1 Rad8 14.a3 Nf8 15.d5 Rc8
16.b4 cxd5 17.cxd5 Qd7 18.Qe2 Rxc3 19.Rxc3 Nxe4 20.Rc2 Bxd5 21.Ng5 Nf6 22.Rec1 Ne6
23.Nxe6 Qxe6 24.Qa6 Bxg2 25.Kxg2 d5 26.Rc6 Qf5 27.Rc8 Bf8 28.Rxe8 Nxe8 29.Qc8 Qe4+
30.Kh2 Nd6 31.Qd8 Qf3 32.Kg1 Qh5 33.Bg5 d4 34.Be7 Qh6 35.f4 Nf5 36.Bxf8 Qxf8
37.Rc8 Qxd8 38.Rxd8+ Kg7 39.g4 Ne3 40.fxe5 Nc2 41.Kf2 b5 42.Rd7 Nxa3 43.e6 Kf8
44.Rxf7+ Ke8 45.Rxa7 Nc2 46.Rxh7 Nxb4 47.Kf3 Nc2 48.Ke4 b4 49.Kd5  1-0

[Event "Baden-Baden op"]
[Site "Baden-Baden"]
[Date "1991.??.??"]
[Round "8"]
[White "Schwarzkopf, Christian"]
[Black "Urban, Julian"]
[Result "0-1"]
[WhiteElo "2255"]
[BlackElo "2420"]

1.d4 Nf6 2.Nf3 g6 3.g3 Bg7 4.Bg2 O-O 5.c4 d6 6.O-O c6 7.Nc3 Nbd7 8.b3 e5
9.dxe5 dxe5 10.Qc2 Qe7 11.e4 a5 12.h3 Re8 13.Rd1 Bf8 14.Be3 Nc5 15.Ne1 Nfd7
16.Rac1 Na6 17.Na4 Nac5 18.Nc3 Ra6 19.Bf1 Rb6 20.Nd3 Ra6 21.Nb2 Ne6 22.f3 Nd4
23.Qf2 Bg7 24.Nba4 Ra8 25.Ne2 Ne6 26.c5 f5 27.exf5 gxf5 28.f4 Kh8 29.fxe5 Nxe5
30.Nb6 Rb8 31.Nxc8 Rbxc8 32.Nf4 Ng5 33.Bg2 Nef3+ 34.Bxf3 Qxe3 35.Bh5 Qxf2+
36.Kxf2 Ne4+ 37.Kg2 Re7 38.Rc2 Rg8 39.Rd3 Be5 40.Kh2 Nxg3  0-1

[Event "Baku"]
[Site "Baku"]
[Date "1991.??.??"]
[Round "?"]
[White "Sideif Sade, Fikret I"]
[Black "Guseinov, Aidyn"]
[Result "1/2-1/2"]
[WhiteElo "2415"]
[BlackElo "2375"]

1.d4 Nf6 2.c4 g6 3.Nf3 Bg7 4.g3 O-O 5.Bg2 d6 6.O-O c6 7.Nc3 Nbd7 8.h3 e5
9.Qc2 exd4 10.Nxd4 Re8 11.b3 Qa5 12.Bb2 Qh5 13.g4 Qa5 14.Rad1 h5 15.f3 hxg4
16.hxg4 d5 17.cxd5 Nb6 18.dxc6 bxc6 19.e4 Bd7 20.Qd2 Rab8 21.Rf2 Qb4 22.Nc2 Qa5
23.Ne3 Qc5 24.Ne2 Nxe4 25.fxe4 Bxb2 26.Qxb2 Qxe3 27.Qf6 Be6 28.Nf4 Nd7 29.Rxd7 Bxd7
30.Nxg6 fxg6 31.Qxg6+ Kh8 32.Qf6+  1/2-1/2

[Event "Baku"]
[Site "Baku"]
[Date "1991.??.??"]
[Round "?"]
[White "Sideif Sade, Fikret I"]
[Black "Godes, Dmitry R"]
[Result "1-0"]
[WhiteElo "2415"]
[BlackElo "2410"]

1.d4 Nf6 2.Nf3 g6 3.c4 Bg7 4.g3 O-O 5.Bg2 d6 6.O-O c6 7.Nc3 Qa5 8.e4 Nbd7
9.Re1 e5 10.d5 Qc7 11.h3 Nh5 12.Be3 c5 13.a3 Nb6 14.Nd2 a6 15.Bf1 Nd7 16.Rb1 Bf6
17.b4 Be7 18.Na4 Ng7 19.bxc5 dxc5 20.Qb3 f5 21.Bh6 f4 22.gxf4 exf4 23.Nb6 Nxb6
24.Qxb6 Qe5 25.Qb2 Qxb2 26.Rxb2 b5 27.e5 Bf5 28.d6 Bd8 29.cxb5 axb5 30.Bxb5 Rxa3
31.Bc4+ Kh8 32.Rb7  1-0

[Event "JUG-ch"]
[Site "Banja Vrucica"]
[Date "1991.??.??"]
[Round "?"]
[White "Pavlovic, Dragoljub"]
[Black "Burovic, Ismet"]
[Result "1-0"]
[WhiteElo "2355"]
[BlackElo "2375"]

1.d4 Nf6 2.Nf3 g6 3.c4 Bg7 4.g3 O-O 5.Bg2 d6 6.O-O Nc6 7.Nc3 a6 8.b3 Rb8
9.Bb2 b5 10.cxb5 axb5 11.Rc1 b4 12.Nb1 Na7 13.Ne1 Bb7 14.Nd3 Bxg2 15.Kxg2 c6
16.Nd2 Nd5 17.e3 Qd7 18.Rc4 f5 19.Nf3 Rb6 20.Qd2 Rfb8 21.h4 h6 22.Nf4 Nxf4+
23.exf4 e6 24.Re1 Kf7 25.Qe2 Bf6 26.Qd3 Ra8 27.Bc1 Nb5 28.Rc2 Rba6 29.Rce2 Nc7
30.Qb1 Nd5 31.Bd2 Rxa2 32.Rxe6 Qxe6 33.Rxe6 Kxe6 34.h5 gxh5 35.Qh1 h4 36.Qe1+ Kf7
37.Qc1 Ne7 38.Qc4+ Nd5 39.Qxc6 Ke6 40.Ne5 Bxe5 41.fxe5 R2a6 42.Qc4 dxe5 43.dxe5 hxg3
44.f4 Rb6 45.Be3 Rba6 46.Kxg3 Rg8+ 47.Kf3 Rga8 48.Bd4 h5 49.Bf2 h4 50.Bxh4 Ra5
51.Qc6+ Kf7 52.Qd7+ Kg8 53.Qxf5 R8a7 54.Qg5+ Kh7 55.f5 R5a6 56.f6 Rf7 57.Qf5+ Kg8
58.Qc8+  1-0

[Event "JUG-ch"]
[Site "Banja Vrucica"]
[Date "1991.??.??"]
[Round "?"]
[White "Sekulic, Dusan"]
[Black "Basagic, Zlatko"]
[Result "0-1"]
[WhiteElo "2310"]
[BlackElo "2370"]

1.d4 g6 2.c4 Bg7 3.Nf3 d6 4.g3 Nf6 5.Bg2 O-O 6.O-O Nc6 7.b3 e5 8.Bb2 e4 9.Ne1 Re8
10.Nc2 Ne7 11.Nc3 Nf5 12.Bc1 h6 13.Rb1 c6 14.d5 c5 15.a3 b6 16.b4 Qc7 17.Nb5 Qe7
18.bxc5 bxc5 19.e3 h5 20.Bd2 Nh6 21.Ba5 Bg4 22.Qd2 Rac8 23.Rfc1 Qd7 24.Ne1 h4
25.Rb3 hxg3 26.hxg3 a6 27.Nc3 Rb8 28.Rxb8 Rxb8 29.Nxe4 Nxe4 30.Bxe4 Bf5 31.Bxf5 Nxf5
32.Bc3 Bh6 33.Ng2 Rb3 34.Bb2 Qb7 35.Rc2 Qe7 36.Rc3 Nd4 37.Ne1 Rb8 38.Rd3 Nf5
39.Qc2 Qg5 40.Rb3 Re8 41.Ng2 Qg4 42.Bf6 Bf8 43.Nf4 Nh6 44.Kg2 g5 45.Nh3 Nf5
46.Bxg5 Bg7 47.Kh2 Be5 48.Bf4 Kg7 49.Qe4 Qg6 50.Bxe5+ Rxe5 51.Qf4 Nh6 52.Rb6 Ng4+
53.Kg2 Rf5 54.Qe4 Nxf2 55.Qe7 Nxh3 56.Kxh3 Rh5+ 57.Kg2 Qc2+ 58.Kf3 Qd1+ 59.Ke4 Re5+
60.Qxe5+ dxe5 61.Kxe5 Qa1+ 62.Kd6 Qxa3 63.e4 Qxg3+ 64.Kxc5 Qe3+ 65.Kc6 Qxe4
66.c5 f5 67.Rxa6 f4 68.Kb6 f3 69.d6 f2 70.Ra1 Qd4 71.Rf1 Kf6 72.Kc6 Ke6 73.Rc1 Qd3
74.Kc7 Qe3  0-1

[Event "JUG-ch"]
[Site "Banja Vrucica"]
[Date "1991.??.??"]
[Round "?"]
[White "Sprecic, Mustafa"]
[Black "Mozetic, Dejan"]
[Result "0-1"]
[WhiteElo "2380"]
[BlackElo "2265"]

1.d4 Nf6 2.c4 g6 3.Nf3 Bg7 4.g3 O-O 5.Bg2 d6 6.O-O Nbd7 7.Nc3 e5 8.e4 exd4
9.Nxd4 Re8 10.Re1 Nc5 11.h3 h6 12.g4 h5 13.f3 hxg4 14.hxg4 Nfd7 15.g5 Ne5
16.Bf1 c6 17.Be3 f6 18.b4 fxg5 19.bxc5 dxc5 20.Nb3 Qf6 21.Nd2 Rd8 22.Be2 g4
23.fxg4 Qh4 24.Kg2 Nxg4 25.Bxg4 Be5 26.Bxc8 Raxc8 27.Re2 Qh2+ 28.Kf1 Rf8+
29.Rf2 Rxf2+ 30.Bxf2 Rf8 31.Nf3 Qh3+ 32.Kg1 Qg4+  0-1

[Event "JUG-ch"]
[Site "Banja Vrucica"]
[Date "1991.??.??"]
[Round "?"]
[White "Brkljaca, Ante"]
[Black "Mozetic, Dejan"]
[Result "1-0"]
[WhiteElo "2420"]
[BlackElo "2265"]

1.d4 Nf6 2.Nf3 g6 3.g3 Bg7 4.Bg2 O-O 5.c4 d6 6.O-O Nbd7 7.Nc3 e5 8.Qc2 c6
9.Rd1 Re8 10.dxe5 dxe5 11.Ng5 Qe7 12.b3 e4 13.Bf4 Nh5 14.Ngxe4 Nxf4 15.gxf4 Nf6
16.Nd6 Ng4 17.Nxe8 Qh4 18.Ne4 Bf5 19.N8d6 Re8 20.h3 Rxe4 21.e3 Bxa1 22.hxg4  1-0

[Event "JUG-ch"]
[Site "Banja Vrucica"]
[Date "1991.??.??"]
[Round "?"]
[White "Blagojevic, Dragisa"]
[Black "Markovic, Miroslav"]
[Result "1/2-1/2"]
[WhiteElo "2425"]
[BlackElo "2395"]

1.d4 Nf6 2.c4 g6 3.Nf3 Bg7 4.g3 O-O 5.Bg2 d6 6.Nc3 Nbd7 7.O-O e5 8.h3 Re8
9.e4 exd4 10.Nxd4 Nc5 11.Re1 Bd7 12.Rb1 Qc8 13.g4 h5 14.f3 a6 15.b4 Ne6 16.Nde2 hxg4
17.hxg4 b5 18.cxb5 axb5 19.Be3 Ra3 20.Qd2 Bc6 21.Nd4 Nxd4 22.Bxd4 Qa8 23.Kf2 Bd7
24.Rbc1 c5 25.bxc5 b4 26.Ne2 Rxa2 27.Qxb4 dxc5 28.Rxc5 Be6 29.Qc3 Ra3 30.Qb2 Rb8
31.Rb5 Rxb5 32.Qxb5 Bxg4 33.Qg5 Bxf3 34.Bxf6 Bxf6 35.Qxf6 Bxg2 36.Kxg2 Qxe4+
37.Kf2 Re3 38.Qd8+ Kh7 39.Rh1+ Qxh1 40.Kxe3 Qh3+ 41.Kf2 Qf5+ 42.Ke1 Qb1+
43.Kf2 Qf5+ 44.Kg2 Qe4+  1/2-1/2